000 00760nam a2200205Ii 4500
003 JO-AjNU
008 230605s9999||||xx |||||||||||||| ||und||
017 _a1993/10725
020 _a977-200-070-9
040 _aJO-AjNU
_bara
_erda
_cJO-AjNU
041 _aara
050 1 4 _aKRM4234.A22.1994
100 3 _aصدقى، عبدالرحيم,
_eauthor
_913343
245 0 0 _aالركن المادى فى جريمة خيانة الأمانة
264 3 1 _aالقاهرة : مكتبة النهضة المصرية ، 1994
300 _a232ص
_bيشتمل على مراجع ببلوغرافية باللغة العربية والفرنسية ص (225-229)
336 _atext
_btxt
_2rdacontent
337 _aunmediated
_bn
_2rdamedia
338 _avolume
_bnc
_2rdacarrier
999 _aA3298
_c6866
_d6866